Gminy Województwa Małopolskiego - Statistics

General Stats
  • This quiz has been taken 4 times
  • The average score is 26 of 156
Answer Stats
Answer % Correct
Kraków
100%
Nowy Sącz
100%
Stary Sącz
75%
Tarnów
75%
Zakopane
75%
Biecz
50%
Brzesko
50%
Czchów
50%
Czernichów
50%
Dębno
50%
Gnojnik
50%
Gorlice
50%
Iwkowa
50%
Liszki
50%
Niepołomice
50%
Skawina
50%
Szczurowa
50%
Wieliczka
50%
Alwernia
25%
Babice
25%
Biały Dunajec
25%
Biskupice
25%
Bobowa
25%
Bochnia
25%
Bolesław
25%
Borzęcin
25%
Bukowina Tatrzańska
25%
Chełmiec
25%
Chrzanów
25%
Dąbrowa Tarnowska
25%
Dobra
25%
Drwinia
25%
Gręboszów
25%
Gromnik
25%
Igołomia-Wawrzeńczyce
25%
Iwanowice
25%
Jerzmanowice-Przeginia
25%
Jodłownik
25%
Kocmyrzów-Luborzyca
25%
Łapanów
25%
Libiąż
25%
Limanowa
25%
Lipinki
25%
Lipnica Murowana
25%
Lisia Góra
25%
Łużna
25%
Mędrzechów
25%
Michałowice
25%
Miechów
25%
Mogilany
25%
Moszczenica
25%
Mszana Dolna
25%
Nowy Targ
25%
Nowy Wiśnicz
25%
Olesno
25%
Olkusz
25%
Oświęcim
25%
Pleśna
25%
Radgoszcz
25%
Ropa
25%
Ryglice
25%
Rzezawa
25%
Sękowa
25%
Skała
25%
Słomniki
25%
Sułoszowa
25%
Szaflary
25%
Szczucin
25%
Trzciana
25%
Trzebinia
25%
Tuchów
25%
Uście Gorlickie
25%
Wielka Wieś
25%
Wietrzychowice
25%
Zabierzów
25%
Żabno
25%
Zakliczyn
25%
Żegocina
25%
Zielonki
25%
Brzeszcze
0%
Bukowno
0%
Bystra-Sidzina
0%
Charsznica
0%
Chełmek
0%
Czarny Dunajec
0%
Czorsztyn
0%
Dobczyce
0%
Gdów
0%
Gołcza
0%
Gródek Nad Dunajcem
0%
Grybów
0%
Jabłonka
0%
Jordanów
0%
Kamienica
0%
Kamionka Wielka
0%
Kęty
0%
Kłaj
0%
Klucze
0%
Koniusza
0%
Korzenna
0%
Kościelisko
0%
Koszyce
0%
Kozłów
0%
Krościenko Nad Dunajcem
0%
Krynica Zdrój
0%
Książ Wielki
0%
Łabowa
0%
Łącko
0%
Łapsze Niżne
0%
Laskowa
0%
Lipnica Wielka
0%
Łososina Dolna
0%
Lubień
0%
Łukowica
0%
Maków Podhalański
0%
Myślenice
0%
Nawojowa
0%
Niedźwiedź
0%
Nowe Brzesko
0%
Ochotnica Dolna
0%
Osiek
0%
Pałecznika
0%
Pcim
0%
Piwniczna Zdrój
0%
Podegrodzie
0%
Polanka Wielka
0%
Poronin
0%
Proszowice
0%
Przeciszów
0%
Raba Wyżna
0%
Raciechowice
0%
Racławice
0%
Radłów
0%
Radziemice
0%
Rytro
0%
Rzepiennik Strzyżewski
0%
Siepraw
0%
Skrzyszów
0%
Słaboszów
0%
Słopnice
0%
Spytkowice
0%
Stryszawa
0%
Sucha Beskidzka
0%
Sułkowice
0%
Szerzyny
0%
Tokarnia
0%
Trzyciąż
0%
Tymbark
0%
Wierzchosławice
0%
Wiśniowa
0%
Wojnicz
0%
Wolbrom
0%
Zator
0%
Zawoja
0%
Zembczyce
0%
No matching quizzes found
Score Distribution
Percent of People with Each Score
Percentile by Number Answered
Your Score History
You have not taken this quiz